000 00775nam a2200241Ia 4500
001 17024
003 GE_BSU
008 181216s||||||||xx |||||||||||||| ||und||
040 _cGE_BSU
080 _a821.161.1-31
100 _aკოჟევნიკოვი, ვ.
245 _aფარი და მახვილი
245 _bრომანი
245 _cთარგმ. გურამ გვერდწითელისა.რედ.ლ.ქადაგიშვილი
250 _aმე-2 გამოც.
260 _aთბილისი
260 _bნაკადული
260 _c1987
300 _a767გვ. ; 20სმ
653 _aრომანი
653 _aფარი და მახვილი
942 _cBK
999 _c50086
_d50086